000 00575nam a2200133Ia 4500
008 171207s9999 xx 000 0 und d
100 _aLu, Allan Cheng Chieh
245 _aSensation Seeking, Message Sensation Value, and Destinations A Cross-Cultural Comparison
245 _cAllan Cheng Chieh Lu, Christina Geng-Qing Chi, Carol Yi Rong Lu
260 _c2017
300 _apages 357-83, March 2017
440 _aJournal of Hospitality & Tourism Research
_v41:3
650 _aMESSAGE SENSATION VALUE, SENSATION SEEKING TRAIT, DESTINATION IMAGE, BEHAVIORAL INTENTION, CULTURE
999 _c347583
_d347583